| 000 | 00733nam a2200241 a 4500 | ||
|---|---|---|---|
| 999 |
_c9563 _d9563 |
||
| 001 | 9563 | ||
| 003 | BD-JhCC | ||
| 005 | 20190707134017.0 | ||
| 008 | 180319s19972006bg |||| ||a| 000 0 b d | ||
| 020 | _a9844581184 | ||
| 035 | _a(BD-JhCC)9563 | ||
| 040 |
_aBD-JhCC _dBD-JhCC |
||
| 041 | _aben | ||
| 082 |
_a925 _bAJI 1997 |
||
| 100 | _aআজিজ, আব্দুল | ||
| 245 |
_aমহাবিশ্বের মহাবিজ্ঞানী স্টিফেন হকিং / _cমোঃ আব্দুল আজিজ |
||
| 260 |
_aঢাকা: _bসময় প্রকাশন; _c1997. |
||
| 300 |
_a75 p. : _c21 cm. |
||
| 650 | _aScientist | ||
| 651 | _aBiography. | ||
| 942 |
_2ddc _cBK _01 |
||